000 00225 a2200097 4500
245 _aMagdalene of Canossa
_hText
100 _aGiacon, Modesto
650 _aSOCIOLOGY
005 20191021095715.0
260 _aITALY
_bNOVASTAMA
_c1988
084 _aPS3613.C494
999 _c12576
_d12576